[Event "Joacaba op 2nd"]
[Site "Joacaba"]
[Date "2023.07.02"]
[Round "6"]
[White "Garghetti, Julia"]
[Black "De Oliveira, Rafael Jose Magnant"]
[Result "1/2-1/2"]
[WhiteElo "1771"]
[BlackElo "1341"]
[PlyCount "60"]
[EventDate "2023.06.30"]
[EventType "swiss"]
[EventRounds "6"]
[EventCountry "BRA"]
[SourceTitle "CBM 215 Extra"]
[Source "ChessBase"]
[SourceDate "2023.09.30"]
[SourceVersion "1"]
[SourceVersionDate "2023.09.30"]
[SourceQuality "1"]

1. d4 Nf6 2. c4 g6 3. b3 Bg7 4. Bb2 0-0 5. Nf3 d6 6. Nbd2 Bf5 7. e3 Nbd7 8. Be2 c5 9. d5 Qa5 10. 0-0 a6 11. h3 b5 12. Nh4 Ne5 13. Nxf5 gxf5 14. f4 Ng6 15. Bd3 e6 16. dxe6 fxe6 17. Nf3 h6 18. a4 bxc4 19. Bxc4 d5 20. Bd3 Qb6 21. Ne5 Nxe5 22. Bxe5 Kf7 23. Rb1 Ke7 24. Qe2 Rg8 25. Kf2 Ne4+ 26. Bxe4 Bxe5 27. Bd3 Bg7 28. Rg1 d4 29. Kf1 dxe3 30. Bc4 Bd4 1/2-1/2

[Event "Joacaba op 2nd"]
[Site "Joacaba"]
[Date "2023.07.01"]
[Round "3"]
[White "De Oliveira, Rafael Jose Magnant"]
[Black "Zagonel, Guilherme Balestrin"]
[Result "1-0"]
[WhiteElo "1341"]
[BlackElo "1762"]
[PlyCount "69"]
[EventDate "2023.06.30"]
[EventType "swiss"]
[EventRounds "6"]
[EventCountry "BRA"]
[SourceTitle "CBM 215 Extra"]
[Source "ChessBase"]
[SourceDate "2023.09.30"]
[SourceVersion "1"]
[SourceVersionDate "2023.09.30"]
[SourceQuality "1"]

1. e4 e5 2. f4 d6 3. Nf3 Nc6 4. d4 exd4 5. Bc4 Nf6 6. 0-0 Be7 7. c3 Na5 8. Bd3 0-0 9. b4 Nc6 10. Bb2 dxc3 11. Bxc3 Ng4 12. Qe2 Bf6 13. h3 Bxc3 14. Nxc3 Nf6 15. a3 Re8 16. Rad1 Bd7 17. Qc2 Be6 18. e5 Nh5 19. f5 Bc8 20. f6 g6 21. Ne2 dxe5 22. Bxg6 Qxf6 23. Bxh5 e4 24. Ng5 Qxg5 25. Bxf7+ Kf8 26. Bxe8+ Kxe8 27. Qxe4+ Ne5 28. Rd5 Qh6 29. Rxe5+ Kd8 30. Rd1+ Qd6 31. Rxd6+ cxd6 32. Re8+ Kc7 33. Qe7+ Kb6 34. Qxd6+ Kb5 35. Nc3+ 1-0